000 00663nam a22001937a 4500
999 _c3595
_d3595
003 AR-CdUCM
008 190306b ||||| |||| 00| 0 spa d
040 _aMUNICIPALIDAD PROVINCIAL DEL CUSCO
_cBIBLIOTECA MUNICIPAL DEL CUSCO
082 _24ed.
_a838.9 /
_bL96
100 _aLudwig, Emil
_911764
245 _aBeethoven :
_bVida de un Conquistasdor /
260 _aMéxico :
_bDiana ;
_c1957.
300 _a409 páginas
_c20cm
505 _aContenido: Juventud sombría -- El Conquistador -- El Dominador -- Intermezzo -- Soledad.
650 _aLiteratura siglo XX
_91173
700 _aBaeza, Ricardo (traducción)
_911626
942 _2ddc
_cLIBROS
945 _anom